000 00811nas a2200253 i 4500
001 2169
003 ES-MaACL
005 20250217134537.0
007 t|
008 950801d19231943it m| | 1 ||ta d
080 _a(45)
080 _a05
245 0 3 _aLa rivista illustrata del "Popolo d'Italia" /
_cdir. Arnaldo Mussolini, Maulio Morgagni.
260 _aMilano :
_bActi Grafiche Alfieri e Lacroix,
_c1923-1943.
300 _a9 v. :
_bgrab. ;
_c34 cm.
310 _aMensual
362 0 _aAño 1, nº 1 (ago. 1923) - año 21 (jul. 1943)
650 1 4 _aRevistas de información general.
_916896
700 1 _aMussolini, Arnaldo.
_984704
700 1 _aMorgagni, Maulio,
_edir.
_9194416
852 _aES-MaACL
_jHem-499
866 0 _o1933-35(1936f.jul.y oct.),(1940 f. jun-dic).
999 _c2169
_d2169